| 000 | 005770000a22002050004500 | ||
|---|---|---|---|
| 003 | LK-CoMWRAF | ||
| 005 | 20240212163106.0 | ||
| 008 | 230817t2006 ||||| |||| 00| 0 eng d | ||
| 020 | _a8122204236 | ||
| 040 |
_aLK-CoMWRAF _dLK-CoMWRAF _eLK-CoMWRAF |
||
| 041 | _aeng | ||
| 082 |
_a613.71 _bGOU |
||
| 100 | _aGould, Shane | ||
| 245 |
_aFit for 50+ for women: _bexercises for women who want to live healthier and longer |
||
| 260 |
_aNew Delhi: _bOrient Paperbacks, _c2006 |
||
| 300 | _a144 p. | ||
| 650 | _aPhysical fitness-Women | ||
| 650 | _aExercises-Women | ||
| 942 | _cBK | ||
| 999 |
_c2173 _d2173 |
||